Yemen divided (Record no. 118593)
[ view plain ]
| 000 -LEADER | |
|---|---|
| fixed length control field | 01382nam a2200313 a 4500 |
| 100 1# - MAIN ENTRY--AUTHOR NAME | |
| Personal name | Brehony, Noel. |
| 245 10 - TITLE STATEMENT | |
| Title | Yemen divided |
| 260 ## - PUBLICATION, DISTRIBUTION, ETC. (IMPRINT) | |
| Place of publication | London ; |
| -- | New York : |
| Name of publisher | I.B.Tauris & Co., |
| Year of publication | 2011. |
| 300 ## - PHYSICAL DESCRIPTION | |
| Number of Pages | xxii, 257 p. : |
| Other physical details | ill., maps, ports. |
| 505 0# - FORMATTED CONTENTS NOTE | |
| Formatted contents note | pt. a. From South Arabia to south Yemen -- pt. b. The Salmin years -- pt. c. The struggle for power -- pt. d. From the PDRY to the Republic of Yemen -- pt. e. Did the PDRY fail? |
| 856 40 - ELECTRONIC LOCATION AND ACCESS | |
| Uniform Resource Identifier | http://site.ebrary.com/lib/rucke/Doc?id=10480609 |
No items available.
